| 000 | 00590cab a2200217 4500 | ||
|---|---|---|---|
| 001 | WB3226-15 | ||
| 008 | 090401t1996 xxu||||| |||| 00| 0 eng d | ||
| 035 | _a(Sirsi) u44819 | ||
| 041 | _aeng | ||
| 245 | _aSelling ground rents at auction | ||
| 260 | _c1996 | ||
| 350 | _a0 | ||
| 490 |
_aProperty Week _v56(1) 5 July 1996, 8(1) |
||
| 520 | _aThe DoE has amended the Housing Bill to make it easier to sell ground rents at auction. | ||
| 650 | _aGROUND RENTS | ||
| 650 | _aHOUSING BILL | ||
| 690 |
_aAuctioneering _96218 |
||
| 690 | _aHOUSING | ||
| 942 | _n0 | ||
| 948 | _c04/03/1997 | ||
| 999 |
_c28479 _d28479 |
||